Si te dicen que caí

Uloženo v:
Podrobná bibliografie
Hlavní autor: Marsé, Juan (autor)
Médium: Kniha
Jazyk:španělština
Vydáno: Barcelona Bruguera 1980
Edice:Club Bruguera, 9
Témata:
Tagy: Přidat tag
Žádné tagy, Buďte první, kdo vytvoří štítek k tomuto záznamu!

MARC

LEADER 00000nam a2200000 a 4500
001 UCY2084
003 CL-VaPUC
008 941010e19800000SP |||||||||||||||||spa|d
082 0 4 |a 863  |b MAR  |2 21 
100 |a Marsé, Juan  |e autor  |9 453927 
245 1 0 |a Si te dicen que caí 
300 |a 319 p 
942 |c BK 
945 |d 19941010 00:00:00  |a rbrito 
260 |a Barcelona  |b Bruguera  |c 1980 
650 0 |a Novelas españolas  |9 265052 
583 |a last modification  |c 19941010 00:00:00  |k Rodrigo Vera 
490 0 |a Club Bruguera, 9 
999 |c 230591  |d 230589 
952 |0 0  |1 0  |4 0  |6 863_000000000000000_MAR_1980  |7 0  |8 A  |9 232970  |a BIBEDU  |b BIBEDU  |d 2019-11-15  |i 301892K  |o 863 MAR 1980  |p 301892K  |r 2019-11-15  |w 2019-11-15  |y BK  |k LIT